[Event "4NCL Division 4 South"]
[Site "Reading, ENG"]
[Date "2018.01.14"]
[Round "4.95"]
[White "Ray, Hiya"]
[Black "Thatte, Nandinee"]
[Result "1-0"]
[WhiteElo "1625"]
[BlackElo "1256"]
[PlyCount "71"]
[EventDate "2018.01.14"]

1. d4 Nf6 2. c4 g6 3. f3 Bg7 4. Nc3 O-O 5. e4 d6 6. Be3 Nbd7 7. Bd3 c5 8. d5
Ne5 9. g4 Nxd3+ 10. Qxd3 Nd7 11. f4 Nf6 12. g5 Ng4 13. Nge2 Nxe3 14. Qxe3 Bd7
15. h4 e5 16. O-O-O Qe7 17. h5 exf4 18. Qxf4 Be5 19. Qh4 f5 20. hxg6 hxg6 21.
Nf4 Bxf4+ 22. Qxf4 fxe4 23. Qh4 Qg7 24. Nxe4 Bf5 25. Nf6+ Kf7 26. Qg3 Rad8 27.
Rh7 Qxh7 28. Nxh7 Rh8 29. Nf6 Rh3 30. Qe1 Rh2 31. Rd2 Rh4 32. Qxh4 b6 33. Qh7+
Kf8 34. Qg8+ Ke7 35. Re2+ Be6 36. Rxe6# 1-0

[Event "4NCL Division 4 South"]
[Site "Reading, ENG"]
[Date "2018.01.14"]
[Round "4.96"]
[White "Thatte, Nilesh"]
[Black "Davies, Merlin"]
[Result "0-1"]
[WhiteElo "1173"]
[BlackElo "1502"]
[PlyCount "134"]
[EventDate "2018.01.14"]

1. e4 e5 2. Nf3 Nc6 3. d4 exd4 4. Nxd4 Bc5 5. Be3 Nxd4 6. Bxd4 Bxd4 7. Qxd4 Qf6
8. e5 Qb6 9. Qc3 Ne7 10. Bc4 O-O 11. O-O d5 12. Bb3 d4 13. Qf3 Be6 14. Nd2 Bxb3
15. Qxb3 Qxb3 16. Nxb3 Nc6 17. f4 b6 18. a3 Rad8 19. Rad1 a5 20. a4 Rd7 21. Rd3
Nb4 22. Rxd4 Rxd4 23. Nxd4 c5 24. Nf5 Nxc2 25. Ne7+ Kh8 26. Nd5 Rb8 27. Rd1 Rd8
28. Rc1 Rxd5 29. Rxc2 Rd4 30. b3 Rxf4 31. Rf2 Rxf2 32. Kxf2 Kg8 33. Ke3 Kf8 34.
Ke4 Ke7 35. Kf5 h6 36. h3 g6+ 37. Kf4 Ke6 38. Ke4 g5 39. g4 Kd7 40. Kd5 Kc7 41.
Ke4 Kb7 42. Kd5 Kc7 43. Ke4 Kd8 44. Kd5 Kd7 45. Ke4 Ke6 46. Kd3 Kxe5 47. Kc4
Kd6 48. Kb5 Kc7 49. Ka6 Kc6 50. Ka7 b5 51. axb5+ Kxb5 52. Kb7 Kb4 53. Kb6 Kxb3
54. Kxc5 a4 55. Kd4 a3 56. Kd3 Kb2 57. Ke4 a2 58. Kf5 a1=Q 59. Kf6 Kb3+ 60.
Kxf7 Qa6 61. Kg7 Kc4 62. Kf7 Kd5 63. Kg7 Ke5 64. Kf7 Qf6+ 65. Ke8 Qg7 66. Kd8
Kd6 67. Ke8 Qe7# 0-1

[Event "4NCL Division 4 South"]
[Site "Reading, ENG"]
[Date "2018.01.14"]
[Round "4.99"]
[White "Farr, Peter G"]
[Black "Onslow, Teddy"]
[Result "1-0"]
[WhiteElo "2215"]
[BlackElo "1885"]
[PlyCount "73"]
[EventDate "2018.01.14"]

1. c4 e6 2. Nf3 d5 3. g3 c6 4. Bg2 f5 5. O-O Nf6 6. b3 Bd6 7. Bb2 O-O 8. d3
Nbd7 9. Nbd2 e5 10. Qc2 e4 11. Nd4 Ne5 12. cxd5 cxd5 13. Nb5 Be6 14. Nxd6 Qxd6
15. d4 Ng6 16. e3 Rac8 17. Qd1 Bd7 18. a4 Qb6 19. Ba3 Rfd8 20. Rc1 Qa5 21. Nb1
b5 22. Bc5 bxa4 23. b4 Qa6 24. Nc3 Nf8 25. Re1 Bb5 26. Nxb5 Qxb5 27. Bf1 Qd7
28. Ra1 Ne6 29. Qxa4 Nxc5 30. bxc5 Ra8 31. c6 Qc7 32. Ba6 g6 33. Bb7 Rab8 34.
Qa5 Rxb7 35. cxb7 Qd6 36. Rec1 f4 37. Qxd8+ 1-0

[Event "4NCL Division 4 South"]
[Site "Reading, ENG"]
[Date "2018.01.14"]
[Round "4.99"]
[White "Tomboline, David"]
[Black "Watson, Mikey J"]
[Result "1-0"]
[WhiteElo "1952"]
[BlackElo "1960"]
[PlyCount "73"]
[EventDate "2018.01.14"]

1. d4 c5 2. c3 cxd4 3. cxd4 Nf6 4. Nf3 g6 5. Nc3 d5 6. Bf4 Bg7 7. h3 O-O 8. e3
Bd7 9. Be2 Qb6 10. Rb1 a5 11. O-O Na6 12. Ne5 e6 13. Nxd7 Nxd7 14. Na4 Qa7 15.
Qb3 e5 16. dxe5 d4 17. e6 Nac5 18. exf7+ Kh8 19. Nxc5 Nxc5 20. Qc4 Rad8 21.
Rfd1 Ne4 22. Bf3 Nd6 23. Qc7 Nxf7 24. Qxb7 Qc5 25. Rbc1 Qf5 26. Bg4 Qf6 27. Rc6
Nd6 28. Qb6 g5 29. Bg3 dxe3 30. Qxe3 Rfe8 31. Rcxd6 Rxe3 32. Rxd8+ Bf8 33. fxe3
Kg7 34. R8d7+ Kg8 35. Rf1 Qb6 36. Kh2 Bc5 37. Rc1 1-0

[Event "4NCL Division 4 South"]
[Site "Reading, ENG"]
[Date "2018.01.14"]
[Round "4.99"]
[White "Watson, Jacob"]
[Black "Headlong, Benjamin"]
[Result "1-0"]
[WhiteElo "1952"]
[BlackElo "1720"]
[PlyCount "117"]
[EventDate "2018.01.14"]

1. e4 e5 2. Nf3 Nc6 3. Bb5 a6 4. Ba4 Nf6 5. d3 b5 6. Bb3 Be7 7. c3 d5 8. O-O
O-O 9. Re1 a5 10. exd5 Nxd5 11. d4 a4 12. Bxd5 Qxd5 13. dxe5 Qxd1 14. Rxd1 Bg4
15. Bf4 Bxf3 16. gxf3 Rfd8 17. Nd2 b4 18. Ne4 a3 19. bxa3 bxc3 20. Nxc3 Nd4 21.
Kg2 Ne6 22. Bg3 Bxa3 23. Rxd8+ Rxd8 24. Rb1 Bc5 25. a4 h6 26. Nb5 Bb6 27. Rc1
Ra8 28. Rc4 Ra5 29. f4 Nc5 30. Nc3 Nd3 31. Nd1 Nc5 32. Nb2 Nb7 33. Nd3 Nc5 34.
Nxc5 Bxc5 35. f3 Bb6 36. Bf2 Bxf2 37. Kxf2 c5 38. Ke3 Kf8 39. Ke4 g6 40. Kd5
Ke7 41. Kc6 Ke6 42. Kb6 Kd5 43. Kxa5 Kxc4 44. Kb6 Kb4 45. a5 c4 46. a6 c3 47.
a7 c2 48. a8=Q c1=Q 49. Qf8+ Kc3 50. Qxf7 Qe3+ 51. Kc6 Qxf3+ 52. Kd6 Qd3+ 53.
Ke7 Kd2 54. Kf8 Ke3 55. e6 Qd4 56. Kg8 Qd8+ 57. Kh7 g5 58. f5 Kf4 59. e7 1-0

[Event "4NCL Division 4 South"]
[Site "Reading, ENG"]
[Date "2018.01.14"]
[Round "4.99"]
[White "Cook, Brian"]
[Black "Cook, John"]
[Result "0-1"]
[WhiteElo "1712"]
[BlackElo "1795"]
[PlyCount "49"]
[EventDate "2018.01.14"]

1. f4 c5 2. e3 g6 3. Nf3 Bg7 4. Be2 Nf6 5. O-O O-O 6. d3 d5 7. Qe1 Nc6 8. Qh4
Qc7 9. Na3 a6 10. c3 b5 11. Nc2 Bf5 12. Nce1 e5 13. fxe5 Nxe5 14. Nxe5 Qxe5 15.
Nf3 Qd6 16. d4 c4 17. a4 b4 18. Bd2 bxc3 19. bxc3 Ne4 20. Rfc1 Rab8 21. Ra2 Rb7
22. Qf4 Rfb8 23. Qxd6 Nxd6 24. Ng5 Rb2 25. Rc2 0-1

[Event "4NCL Division 4 South"]
[Site "Reading, ENG"]
[Date "2018.01.14"]
[Round "4.99"]
[White "Mann, Lev"]
[Black "O'Byrne, Daniel"]
[Result "1-0"]
[WhiteElo "1450"]
[BlackElo "1705"]
[PlyCount "91"]
[EventDate "2018.01.14"]

1. e4 c5 2. d4 cxd4 3. c3 dxc3 4. Nxc3 Nc6 5. Nf3 d6 6. Bc4 Nf6 7. O-O Bg4 8.
Qd3 a6 9. a3 Rc8 10. Ba2 Qa5 11. Nd5 Nxd5 12. exd5 Bxf3 13. Qxf3 Nd4 14. Qg4
Qc5 15. Be3 f5 16. Qxd4 Qxd4 17. Bxd4 Rg8 18. Rac1 Rxc1 19. Rxc1 g6 20. Rc7 b5
21. Ra7 Bg7 22. Bxg7 Rxg7 23. Rxa6 e5 24. dxe6 Rc7 25. g3 Rc2 26. Rxd6 Rxb2 27.
Bd5 Rb1+ 28. Kg2 Ra1 29. Rd7 Rxa3 30. Bc6 Ra6 31. Rc7+ Kd8 32. e7+ Kxc7 33.
e8=Q Rxc6 34. Qe7+ Kb6 35. Qxh7 b4 36. Qf7 Kb5 37. Qa2 Rc4 38. Kf1 Rc3 39. Ke1
b3 40. Qb2 Kb4 41. Kd2 Rf3 42. Qd4+ Ka3 43. Kc1 g5 44. Qa7+ Kb4 45. Qb6+ Ka4
46. Qc6+ 1-0

[Event "4NCL Division 4 South"]
[Site "Reading, ENG"]
[Date "2018.01.14"]
[Round "4.99"]
[White "Gorgun, Aliriza Atif"]
[Black "Watson, Scarlet"]
[Result "1-0"]
[WhiteElo "1597"]
[BlackElo "827"]
[PlyCount "25"]
[EventDate "2018.01.14"]

1. e4 e5 2. Nf3 Nf6 3. Nxe5 Qe7 4. d4 Qd6 5. Bc4 Be7 6. Nxf7 Qb4+ 7. Nd2 O-O 8.
e5 Nc6 9. exf6 Nxd4 10. Qh5 Bxf6 11. Ng5+ Rf7 12. Qxf7+ Kh8 13. Qg8# 1-0

[Event "4NCL Division 4 South"]
[Site "Reading, ENG"]
[Date "2018.01.14"]
[Round "4.99"]
[White "Seymour, Timothy P"]
[Black "Heard, Andrew H"]
[Result "0-1"]
[WhiteElo "2074"]
[BlackElo "1913"]
[PlyCount "112"]
[EventDate "2018.01.14"]

1. d4 Nf6 2. Nf3 c5 3. d5 d6 4. Nc3 g6 5. e4 Bg7 6. Bb5+ Nbd7 7. a4 O-O 8. O-O
a6 9. Bc4 Ng4 10. Nd2 Nde5 11. Be2 Rb8 12. Re1 Qa5 13. Nb3 Qb6 14. h3 Nf6 15.
Be3 Qb4 16. Bf1 Nc4 17. Bc1 Na5 18. Na2 Qb6 19. Nd2 Qc7 20. Nc3 Bd7 21. Nf3 b5
22. e5 dxe5 23. Nxe5 b4 24. Nxd7 Qxd7 25. Ne4 Nxe4 26. Rxe4 Rb6 27. Bg5 Re8 28.
Qe2 Qxd5 29. Rxe7 Rxe7 30. Qxe7 Re6 31. Qd8+ Qxd8 32. Bxd8 Nb7 33. Rd1 Bxb2 34.
Bc4 Rd6 35. Rxd6 Nxd6 36. Bxa6 Bd4 37. Bb5 c4 38. Be7 Nxb5 39. Bxb4 Nc3 40. a5
Ne4 41. Be1 f5 42. Kf1 Kf7 43. f3 Nc5 44. g4 f4 45. h4 Ke6 46. Bd2 Be5 47. g5
Kd5 48. Kg2 Kc6 49. Kh3 Kb5 50. Kg4 Ne6 51. h5 c3 52. Bc1 Kxa5 53. hxg6 hxg6
54. Kh4 Ka4 55. Kg4 Bd6 56. Kh4 Ba3 0-1

[Event "4NCL Division 4 South"]
[Site "Reading, ENG"]
[Date "2018.01.14"]
[Round "4.99"]
[White "Gazes, Matthew"]
[Black "Singleton, Michael P F"]
[Result "0-1"]
[WhiteElo "1757"]
[BlackElo "2054"]
[PlyCount "106"]
[EventDate "2018.01.14"]

1. c4 Nf6 2. Nc3 g6 3. e4 d6 4. d4 Bg7 5. Nf3 O-O 6. Be2 c5 7. d5 e6 8. O-O
exd5 9. exd5 Bg4 10. Bg5 h6 11. Be3 Nbd7 12. Nd2 Bxe2 13. Qxe2 Re8 14. Rfe1 a6
15. a4 Re7 16. Kh1 Qf8 17. f3 Rae8 18. Qf2 Ne5 19. Qf1 Nh7 20. Nde4 Rd7 21.
Nxd6 Qxd6 22. Ne4 Qb8 23. Nxc5 Rde7 24. Ne4 f5 25. Nd2 Nd7 26. Bf2 Bxb2 27.
Rad1 Rxe1 28. Rxe1 Rxe1 29. Qxe1 Qe5 30. Qxe5 Bxe5 31. Nb3 Nhf6 32. Na5 b6 33.
Nb7 Ne8 34. a5 bxa5 35. Nxa5 Bc7 36. Nb3 a5 37. c5 a4 38. Nc1 a3 39. d6 Nxd6
40. cxd6 Bxd6 41. Kg1 Kf7 42. Be3 f4 43. Bd2 Ke6 44. Kf1 Kd5 45. Ke2 Kc4 46.
Kd1 g5 47. Kc2 Be5 48. Na2 Nc5 49. Bb4 Bb2 50. Bxc5 Kxc5 51. Kb3 Kd4 52. Nb4
Ke3 53. h4 Kf2 0-1

[Event "4NCL Division 4 South"]
[Site "Reading, ENG"]
[Date "2018.01.14"]
[Round "4.99"]
[White "Faulks, Nick"]
[Black "Lettington, David"]
[Result "1-0"]
[WhiteElo "1913"]
[BlackElo "1653"]
[PlyCount "65"]
[EventDate "2018.01.14"]

1. e4 d5 2. exd5 Qxd5 3. Nf3 Nf6 4. d4 Bf5 5. c4 Qd8 6. Nc3 e6 7. Bg5 Be7 8.
Be2 c6 9. O-O Nbd7 10. Rc1 Ne4 11. Be3 O-O 12. Nxe4 Bxe4 13. a3 Nf6 14. Qb3 Qc7
15. Ne5 Nd7 16. Bf4 Qb6 17. Qe3 Nxe5 18. Qxe4 Ng6 19. Bd3 c5 20. dxc5 Bxc5 21.
b4 f5 22. Qf3 Bd4 23. c5 Qd8 24. Bd6 Re8 25. Bc4 Kh8 26. Rcd1 Qf6 27. Qxb7 e5
28. Qf3 f4 29. Bd5 Rac8 30. Be4 Nh4 31. Qg4 g6 32. g3 h5 33. Qxh4 1-0

[Event "4NCL Division 4 South"]
[Site "Reading, ENG"]
[Date "2018.01.14"]
[Round "4.99"]
[White "McKenna, John R"]
[Black "Alcock, Graham P"]
[Result "0-1"]
[WhiteElo "1635"]
[BlackElo "1762"]
[PlyCount "94"]
[EventDate "2018.01.14"]

1. d4 Nf6 2. Nf3 g6 3. Bg5 Bg7 4. Nbd2 d5 5. e3 O-O 6. Be2 b6 7. c3 Bb7 8. O-O
Nbd7 9. a4 c5 10. Re1 a6 11. Bd3 Ne4 12. Bf4 f6 13. h3 e5 14. Bh2 Nxf2 15. Kxf2
e4 16. Be2 exf3 17. Bxf3 f5 18. Kg1 Nf6 19. dxc5 bxc5 20. Qb3 Qd7 21. Nc4 Rad8
22. Ne5 Qe7 23. Rad1 Ne4 24. Nc4 dxc4 25. Qxc4+ Kh8 26. Rxd8 Rxd8 27. Qb3 Nd6
28. Qb6 Bxf3 29. gxf3 Qg5+ 30. Kf2 Bf8 31. Be5+ Kg8 32. Rg1 Qe7 33. Bf4 Qf6 34.
Qc7 Nf7 35. Ke2 Bd6 36. Bxd6 Qxd6 37. Qxd6 Rxd6 38. a5 Ne5 39. Rg5 Rd2+ 40. Kf1
Nxf3 41. Rg3 Ne5 42. b4 cxb4 43. cxb4 Rb2 44. e4 Rxb4 45. exf5 Rf4+ 46. Ke2
Rxf5 47. Rc3 Nf7 0-1

[Event "4NCL Division 4 South"]
[Site "Reading, ENG"]
[Date "2018.01.14"]
[Round "4.99"]
[White "Bussmann, John"]
[Black "Stebbings, Robert J"]
[Result "1-0"]
[WhiteElo "1713"]
[BlackElo "1607"]
[PlyCount "61"]
[EventDate "2018.01.14"]

1. e4 c5 2. Nc3 Nc6 3. f4 d6 4. g3 g6 5. Bg2 Bg7 6. Nf3 Nf6 7. O-O O-O 8. d3
Rb8 9. h3 b5 10. Ne2 Bb7 11. g4 e6 12. Ng3 Nd7 13. c3 b4 14. Bd2 a5 15. h4 Ba6
16. Be1 e5 17. f5 bxc3 18. bxc3 Rb2 19. g5 f6 20. Bh3 c4 21. fxg6 hxg6 22. Be6+
Kh8 23. h5 fxg5 24. hxg6 cxd3 25. Nf5 Nc5 26. Nd2 g4 27. Qxg4 Bh6 28. g7+ Kh7
29. gxf8=Q Qxf8 30. Nxh6 Qxf1+ 31. Nxf1 1-0

[Event "4NCL Division 4 South"]
[Site "Reading, ENG"]
[Date "2018.01.14"]
[Round "4.99"]
[White "Couchman, Andrew"]
[Black "Moss, Stephen"]
[Result "0-1"]
[WhiteElo "1158"]
[BlackElo "1707"]
[PlyCount "52"]
[EventDate "2018.01.14"]

1. d4 d5 2. Bf4 e6 3. e3 Nf6 4. Bd3 Bd6 5. Bg3 b6 6. Nf3 Bb7 7. Nbd2 Nbd7 8.
Ne5 O-O 9. c3 Be7 10. Qc2 c5 11. O-O-O c4 12. Be2 b5 13. Kb1 a5 14. Ka1 Qb6 15.
h4 b4 16. b3 cxb3 17. Nxb3 a4 18. Nc1 Nxe5 19. Bxe5 Rfc8 20. c4 dxc4 21. Bxc4
Bd5 22. Bxd5 Rxc2 23. Bxa8 b3 24. axb3 axb3 25. Kb1 Qb4 26. d5 Ne4 0-1

[Event "4NCL Division 4 South"]
[Site "Reading, ENG"]
[Date "2018.01.14"]
[Round "4.99"]
[White "Pink, Joshua"]
[Black "Bennet-Stevens, Lucy"]
[Result "1-0"]
[WhiteElo "2065"]
[BlackElo "1877"]
[PlyCount "111"]
[EventDate "2018.01.14"]

1. c3 d5 2. Nf3 Nf6 3. d4 e6 4. Bf4 c5 5. e3 Be7 6. Nbd2 b6 7. Bd3 Bb7 8. Qb1
Nbd7 9. O-O O-O 10. Ne5 Re8 11. e4 dxe4 12. Nxe4 Nd5 13. Bg3 f5 14. Nd2 Nxe5
15. Bxe5 cxd4 16. cxd4 Bd6 17. Bxd6 Qxd6 18. Nc4 Qf4 19. Re1 Rad8 20. Ne5 Qxd4
21. Bb5 Re7 22. Qd1 Qb4 23. Bc6 Qd6 24. Rc1 Ba8 25. Bxa8 Rxa8 26. Rc6 Qd8 27.
Nf3 Qd7 28. Ne5 Qe8 29. Qb3 Rc8 30. Rec1 Rec7 31. Qb5 Qe7 32. Rxc7 Rxc7 33.
Rxc7 Nxc7 34. Qc6 Qc5 35. Qxc5 bxc5 36. f4 Nd5 37. g3 g6 38. Kf2 Nb4 39. a3 Nd5
40. Ke2 Nb6 41. Kd3 Kf8 42. Kc3 a6 43. Nd3 c4 44. Ne5 Na4+ 45. Kxc4 Nxb2+ 46.
Kb4 Ke7 47. Ka5 Kf6 48. Kxa6 h6 49. Kb5 g5 50. a4 Nd1 51. a5 Nc3+ 52. Kc6 Nd5
53. Nd3 Ne7+ 54. Kb7 gxf4 55. gxf4 Nd5 56. a6 1-0

[Event "4NCL Division 4 South"]
[Site "Reading, ENG"]
[Date "2018.01.14"]
[Round "4.99"]
[White "Woods, Timothy J"]
[Black "Ireland, David J"]
[Result "1/2-1/2"]
[WhiteElo "1643"]
[BlackElo "2012"]
[PlyCount "39"]
[EventDate "2018.01.14"]

1. e4 c5 2. Nf3 d6 3. d4 cxd4 4. Nxd4 Nf6 5. Nc3 g6 6. Be3 Bg7 7. f3 Nc6 8. Qd2
O-O 9. Bc4 Bd7 10. O-O-O Rb8 11. h4 h5 12. Bg5 b5 13. Bb3 Qb6 14. Nxc6 Bxc6 15.
g4 b4 16. Bxf6 Bxf6 17. Nd5 Bxd5 18. Qxd5 Qb5 19. gxh5 gxh5 20. Rdg1+ 1/2-1/2

[Event "4NCL Division 4 South"]
[Site "Reading, ENG"]
[Date "2018.01.14"]
[Round "4.99"]
[White "Smith, Richard W"]
[Black "Finn, Daniel"]
[Result "1-0"]
[WhiteElo "1990"]
[BlackElo "1639"]
[PlyCount "79"]
[EventDate "2018.01.14"]

1. d4 d5 2. Nf3 Nf6 3. c4 e6 4. g3 Be7 5. Bg2 O-O 6. O-O Nbd7 7. cxd5 exd5 8.
Nc3 Nb6 9. Bf4 c6 10. Re1 Bf5 11. Ne5 Nfd7 12. e4 Be6 13. exd5 Nxd5 14. Nxd5
Bxd5 15. Bxd5 cxd5 16. Qb3 Nb6 17. a4 f6 18. Nd3 Qd7 19. Nc5 Bxc5 20. dxc5 Nc4
21. Qc3 Qf7 22. Re2 Rae8 23. Rae1 Rxe2 24. Rxe2 Re8 25. Rxe8+ Qxe8 26. Qd4 Qe1+
27. Kg2 Qe4+ 28. Qxe4 dxe4 29. b4 Nb2 30. a5 Nd3 31. a6 Nxb4 32. axb7 Nc6 33.
b8=Q+ Nxb8 34. Bxb8 Kf7 35. Bxa7 Ke6 36. Kf1 Kd5 37. Ke2 f5 38. Ke3 g6 39. Kf4
h6 40. h4 1-0

[Event "4NCL Division 4 South"]
[Site "Reading, ENG"]
[Date "2018.01.14"]
[Round "4.99"]
[White "Hedger, Alec"]
[Black "Atara, Omeet J"]
[Result "1/2-1/2"]
[WhiteElo "1675"]
[BlackElo "1802"]
[PlyCount "137"]
[EventDate "2018.01.14"]

1. e4 d5 2. exd5 Qxd5 3. Nc3 Qa5 4. Bc4 c6 5. d3 Bf5 6. Bd2 e6 7. h3 Nd7 8. Nf3
Qc7 9. a4 Ngf6 10. O-O Be7 11. Re1 O-O 12. Nd4 Rfe8 13. Nxf5 exf5 14. Qf3 g6
15. Re2 Bd6 16. Rxe8+ Rxe8 17. Re1 Ne5 18. Qd1 Nxc4 19. Rxe8+ Nxe8 20. dxc4 Qe7
21. Qe2 Qxe2 22. Nxe2 Nf6 23. f3 Kf8 24. b4 c5 25. b5 Nd7 26. a5 Ne5 27. a6 b6
28. Nc3 Nxc4 29. Bc1 Be5 30. Nd5 Nd6 31. Nxb6 Bd4+ 32. Kf1 Nxb5 33. c4 Nc7 34.
Nc8 Nxa6 35. Nxa7 Nb4 36. Nb5 Nd3 37. Bh6+ Bg7 38. Be3 Ke8 39. Ke2 Ne5 40. Nd6+
Kd7 41. Bxc5 Ke6 42. Ba3 Bf8 43. Nb5 Bxa3 44. Nxa3 f4 45. Nb5 Nxc4 46. Kd3 Ne3
47. g3 Nd5 48. g4 f5 49. Nd4+ Kf6 50. gxf5 gxf5 51. Ke2 Kg5 52. Kf2 Kf6 53. Ke2
Ne7 54. Kf2 Ke5 55. Ne2 Nc6 56. Nc1 Nb4 57. Ke2 Kf6 58. Kf2 Ke6 59. Ke2 Nd5 60.
Nd3 h6 61. Kf2 Kf6 62. Kg2 Kg5 63. Ne5 Ne3+ 64. Kh2 Nc2 65. Nd3 Nd4 66. Kg2 h5
67. Ne5 Nc2 68. Nd3 Ne3+ 69. Kh2 1/2-1/2

[Event "4NCL Division 4 South"]
[Site "Reading, ENG"]
[Date "2018.01.14"]
[Round "4.99"]
[White "Price, Andrew"]
[Black "Vyse, Callum"]
[Result "1-0"]
[WhiteElo "1855"]
[BlackElo "1660"]
[PlyCount "55"]
[EventDate "2018.01.14"]

1. e4 c5 2. Nf3 d6 3. Bb5+ Nd7 4. O-O a6 5. Bxd7+ Qxd7 6. d3 g6 7. Be3 Bg7 8.
c3 b5 9. Qb3 Bb7 10. Ng5 e6 11. f4 Ne7 12. Nd2 Rc8 13. a4 d5 14. axb5 axb5 15.
Ra5 d4 16. cxd4 cxd4 17. Bf2 Bc6 18. Rfa1 O-O 19. Qb4 Ra8 20. Nb3 Rxa5 21. Rxa5
Rd8 22. Nf3 Qc7 23. Nfxd4 Bxd4 24. Bxd4 f5 25. Ra7 Bb7 26. Qxb5 Rb8 27. Qe5 Qc8
28. Qg7# 1-0

[Event "4NCL Division 4 South"]
[Site "Reading, ENG"]
[Date "2018.01.14"]
[Round "4.99"]
[White "Bennett, Max"]
[Black "Woolgar, Steven G"]
[Result "0-1"]
[WhiteElo "1630"]
[BlackElo "1727"]
[PlyCount "50"]
[EventDate "2018.01.14"]

1. e4 c5 2. Nf3 d6 3. d4 cxd4 4. Nxd4 Nf6 5. Nc3 a6 6. Be3 e5 7. Nb3 Be7 8. f3
Be6 9. Qd2 d5 10. exd5 Nxd5 11. Rd1 Nxe3 12. Qxe3 Qc7 13. Bd3 Nd7 14. Ne4 h6
15. Nf2 O-O 16. O-O f5 17. Kh1 Rae8 18. g4 fxg4 19. Nxg4 Bg5 20. Qe4 Bf5 21.
Bc4+ Kh8 22. Qe2 e4 23. Rfe1 Bh4 24. Nd4 Bxg4 25. fxg4 Rf2 0-1

[Event "4NCL Division 4 South"]
[Site "Reading, ENG"]
[Date "2018.01.14"]
[Round "4.99"]
[White "McMahon, Paul"]
[Black "Carter, Gavin"]
[Result "1-0"]
[WhiteElo "1952"]
[BlackElo "1277"]
[PlyCount "123"]
[EventDate "2018.01.14"]

1. Nc3 b6 2. e4 Bb7 3. Bc4 e6 4. d4 c5 5. Nf3 cxd4 6. Nxd4 Nc6 7. Be3 Ne5 8.
Be2 Nf6 9. f3 a6 10. Nb3 Bb4 11. Qd4 Nc6 12. Qd2 d5 13. O-O-O O-O 14. a3 Ba5
15. Nxa5 Nxa5 16. exd5 Nxd5 17. Nxd5 Bxd5 18. Qb4 Nc6 19. Qxb6 Qxb6 20. Bxb6
Rfb8 21. Bf2 h6 22. c4 Bxc4 23. Bxc4 Rc8 24. Kb1 Ne5 25. Bd3 Rd8 26. Be4 Rxd1+
27. Rxd1 Re8 28. Rd6 a5 29. Ra6 Nc4 30. Ra8 Rxa8 31. Bxa8 Ne5 32. Kc2 Ng6 33.
Kb3 Nf4 34. g3 Nd3 35. Be3 f5 36. Kc3 Ne5 37. b4 axb4+ 38. axb4 Kf7 39. b5 Ke7
40. b6 Nd7 41. Bc6 Nxb6 42. Bxb6 g5 43. Bc5+ Kf6 44. Kd3 h5 45. Be8 h4 46. g4
Ke5 47. Be3 fxg4 48. fxg4 Kf6 49. Ke4 h3 50. Bb5 Kg6 51. Ke5 Kf7 52. Bxg5 Kg6
53. Bf6 Kf7 54. g5 Kg6 55. Be8+ Kh7 56. g6+ Kg8 57. g7 Kh7 58. Bf7 Kh6 59. Bxe6
Kh7 60. g8=Q+ Kh6 61. Qg7+ Kh5 62. Qg5# 1-0

[Event "4NCL Division 4 South"]
[Site "Reading, ENG"]
[Date "2018.01.14"]
[Round "4.99"]
[White "Savas, Stoica M"]
[Black "McCorry, Robert T"]
[Result "0-1"]
[WhiteElo "1300"]
[BlackElo "1995"]
[PlyCount "82"]
[EventDate "2018.01.14"]

1. e4 c6 2. d4 d5 3. Nc3 dxe4 4. Nxe4 Bf5 5. Ng3 Bg6 6. Nf3 Nd7 7. h4 h6 8. h5
Bh7 9. Bd3 Bxd3 10. Qxd3 e6 11. Bf4 Bb4+ 12. c3 Be7 13. Ne4 Ndf6 14. Nfd2 Nxe4
15. Nxe4 Nf6 16. O-O-O Qa5 17. Nxf6+ Bxf6 18. Kb1 O-O 19. Qg3 Kh8 20. Be5 Rad8
21. Bxf6 Qf5+ 22. Ka1 Qxf6 23. Qh4 Rd7 24. Qxf6 gxf6 25. Rd3 c5 26. Rhd1 Rfd8
27. Kb1 Rd5 28. g4 e5 29. Rf3 Kg7 30. Rf5 cxd4 31. cxd4 Rxd4 32. Rxd4 Rxd4 33.
f3 Rf4 34. Kc2 Rxf5 35. gxf5 Kf8 36. Kd3 Ke7 37. Kc4 Kd6 38. a4 Kc6 39. b4 b6
40. Kb3 Kd5 41. Kc3 e4 0-1

[Event "4NCL Division 4 South"]
[Site "Reading, ENG"]
[Date "2018.01.14"]
[Round "4.99"]
[White "Judkins, Brian D"]
[Black "Agnihotri, Akaash"]
[Result "1-0"]
[WhiteElo "1754"]
[BlackElo "1337"]
[PlyCount "123"]
[EventDate "2018.01.14"]

1. e4 e5 2. Nf3 Nc6 3. d4 exd4 4. c3 d5 5. exd5 Qxd5 6. cxd4 Bg4 7. Be2 Nf6 8.
Nc3 Bb4 9. h3 Qh5 10. a3 Bxc3+ 11. bxc3 O-O 12. O-O Bxf3 13. Bxf3 Qg6 14. Be3
Rad8 15. Qb1 Qxb1 16. Raxb1 Na5 17. Bxb7 Rb8 18. Bf3 Nc4 19. a4 Rfe8 20. Bf4
Rbc8 21. Rb7 a5 22. Rxc7 Nb6 23. Ra7 Nxa4 24. Rxa5 Nxc3 25. Be3 Red8 26. Rc5 h6
27. Rc1 Nfe4 28. Rxc8 Rxc8 29. Kf1 Re8 30. Bxe4 Nxe4 31. Ke2 f5 32. Kf3 Kf7 33.
Rc7+ Ke6 34. Rxg7 f4 35. Kxf4 Nf6 36. Ra7 Nd5+ 37. Kf3 Rf8+ 38. Ke2 Nc3+ 39.
Kd3 Nd5 40. Ra6+ Kd7 41. Rxh6 Nb4+ 42. Kc4 Nc2 43. g4 Rc8+ 44. Kd5 Nb4+ 45. Ke4
Re8+ 46. Kf3 Rf8+ 47. Kg3 Nd3 48. h4 Ne1 49. g5 Rf3+ 50. Kg4 Rf7 51. g6 Rg7 52.
Rh7 Rxh7 53. gxh7 Kd6 54. h8=Q Ng2 55. Qe5+ Kc6 56. Qe4+ Kd6 57. Qxg2 Ke6 58.
Qc6+ Ke7 59. Kf5 Kf7 60. Qc7+ Ke8 61. Kf6 Kf8 62. Qc8# 1-0

[Event "4NCL Division 4 South"]
[Site "Reading, ENG"]
[Date "2018.01.14"]
[Round "4.99"]
[White "Willmoth, Kate"]
[Black "Ribbands, Patrick C"]
[Result "1-0"]
[WhiteElo "1277"]
[BlackElo "1735"]
[PlyCount "67"]
[EventDate "2018.01.14"]

1. e4 c6 2. d4 d5 3. Nc3 dxe4 4. Nxe4 Bf5 5. Ng3 Bg6 6. Nf3 e6 7. h4 h6 8. h5
Bh7 9. Bd3 Bxd3 10. Qxd3 Bd6 11. Ne4 Nf6 12. Nxf6+ Qxf6 13. Bd2 Nd7 14. O-O-O
Nb6 15. Kb1 O-O-O 16. c3 Rhe8 17. Rhe1 Nd5 18. g3 e5 19. dxe5 Bxe5 20. Nxe5
Rxe5 21. Rxe5 Qxe5 22. g4 Nf6 23. Qxd8+ Kxd8 24. Bf4+ Ke7 25. Bxe5 Nxg4 26.
Bxg7 Nxf2 27. Re1+ Kd6 28. Bxh6 Ng4 29. Bf4+ Kd7 30. h6 Nf6 31. Rh1 Nh7 32. Rg1
Ke6 33. Rg7 Nf6 34. h7 1-0

[Event "4NCL Division 4 South"]
[Site "Reading, ENG"]
[Date "2018.01.14"]
[Round "4.99"]
[White "Sahinoz, Giulio O"]
[Black "Carter, Rebecca"]
[Result "1-0"]
[WhiteElo "1712"]
[BlackElo "1195"]
[PlyCount "79"]
[EventDate "2018.01.14"]

1. d4 Nf6 2. c4 e6 3. Nc3 Bb4 4. Qc2 O-O 5. a3 Bxc3+ 6. Qxc3 b6 7. Bg5 h6 8.
Bh4 Bb7 9. Nf3 d5 10. e3 Nbd7 11. b4 c5 12. Be2 Rc8 13. O-O Re8 14. dxc5 bxc5
15. b5 Rb8 16. Rfd1 a6 17. a4 axb5 18. cxb5 c4 19. a5 Qc7 20. b6 Qc5 21. a6 Ne4
22. Qd4 Qxd4 23. Nxd4 e5 24. Nb5 Bc6 25. Nc7 Rf8 26. Be7 Rfc8 27. a7 Rxb6 28.
a8=Q Bxa8 29. Rxa8 Rxa8 30. Nxa8 Rb5 31. Nc7 Rb7 32. Nxd5 c3 33. Ba3 Nd2 34.
Nxc3 Nb3 35. Rb1 f6 36. Bc4+ Kh7 37. Rxb3 Rc7 38. Bd3+ g6 39. g3 h5 40. Nd5 1-0

[Event "4NCL Division 4 South"]
[Site "Reading, ENG"]
[Date "2018.01.14"]
[Round "4.99"]
[White "Vaidya, Pranav"]
[Black "Mountford, Corinne"]
[Result "0-1"]
[WhiteElo "827"]
[BlackElo "1705"]
[PlyCount "38"]
[EventDate "2018.01.14"]

1. e4 d5 2. exd5 Nf6 3. Nc3 Nxd5 4. d4 c6 5. Nf3 Bg4 6. Be2 e6 7. a3 Bd6 8. O-O
O-O 9. Ne4 Nf4 10. Nxd6 Nxe2+ 11. Qxe2 Qxd6 12. Be3 Nd7 13. b4 Rfe8 14. h3 Bh5
15. c3 f5 16. g3 Qd5 17. Rac1 Bxf3 18. Qxf3 Qxf3 19. Rfe1 Qh5 0-1

[Event "4NCL Division 4 South"]
[Site "Reading, ENG"]
[Date "2018.01.14"]
[Round "4.99"]
[White "Johnson, Derek R"]
[Black "Covey, Jason"]
[Result "1/2-1/2"]
[WhiteElo "2065"]
[BlackElo "1870"]
[PlyCount "85"]
[EventDate "2018.01.14"]

1. e4 e6 2. d4 d5 3. Nd2 Nf6 4. e5 Nfd7 5. Bd3 c5 6. c3 Nc6 7. Ne2 cxd4 8. cxd4
f6 9. exf6 Nxf6 10. Nf3 Bd6 11. O-O Qc7 12. Bg5 O-O 13. Rc1 Bd7 14. a3 Rac8 15.
Qc2 h6 16. Bh4 Qb8 17. Qb1 Be8 18. Bg3 Bh5 19. Bg6 Bxf3 20. gxf3 Na5 21. Kg2
Nc4 22. Rcd1 Qc7 23. Rfe1 Qb6 24. Bxd6 Qxd6 25. Ng3 Rc6 26. Re2 Rb6 27. Qa2 Qf4
28. Bd3 Na5 29. b4 Nc6 30. Qb2 Nxd4 31. Re3 Kh8 32. Bb1 Nb5 33. Rde1 Nc7 34.
Qc2 Rc6 35. Qg6 d4 36. Re5 Rc3 37. Bd3 Kg8 38. Rc5 Rxc5 39. bxc5 Qd2 40. Re5
Ncd5 41. Nh5 Nxh5 42. Qh7+ Kf7 43. Qg6+ 1/2-1/2